[Event "Ambalangoda Dhamso op 11th"]
[White "Dange, Gehansa Ranumi"]
[Black "Samarakoon, SMR Sasandu Ayod"]
[Site "Ambalangoda"]
[Round "7"]
[Result "1-0"]
[Date "2024.05.20"]
[WhiteElo "1708"]
[BlackElo "1512"]
[PlyCount "61"]
[EventDate "2024.05.17"]
[EventType "swiss"]
[EventRounds "10"]
[EventCountry "SRI"]
[SourceTitle "CBM 220 Extra"]
[Source "ChessBase"]
[SourceDate "2024.07.31"]
[SourceVersion "1"]
[SourceVersionDate "2024.07.31"]
[SourceQuality "1"]

1. e4 c5 2. Nf3 d6 3. Bb5+ Bd7 4. c4 a6 5. Bxd7+ Qxd7 6. d4 cxd4 7. Nxd4 Nf6 8. f3 Nc6 9. Be3 g6 10. Nc3 Bg7 11. 0-0 0-0 12. Rc1 Rac8 13. Qd2 Rfd8 14. b3 Nxd4 15. Bxd4 Nh5 16. Bxg7 Nxg7 17. Nd5 Rb8 18. Qg5 Re8 19. f4 Kh8 20. Rc3 f6 21. Qh6 Qg4 22. Rh3 Nh5 23. Ne3 Qe2 24. f5 Rg8 25. fxg6 Rxg6 26. Qxh5 Qxh5 27. Rxh5 Rbg8 28. g3 Rg5 29. Rxg5 fxg5 30. Nf5 h5 31. Rf3 1-0